000 00751nam a2200229 4500
003 OSt
005 20221117154409.0
008 221117b |||||||| |||| 00| 0 eng d
020 _a87 7766 109 5
040 _cBiblioteca Lado V
082 _a708
_bB959a
100 _9185
_aBurkard, Lene
_eautor
245 _aAtelier 5 1|2/
260 _bKunsthallen Brandts Klaedefabrik
_c2001
300 _a72p.
_c21x21cm
_bcol
650 _2Tesauro de Arte & Arquitectura
_aEXHIBICION
650 _2Tesauro de Arte & Arquitectura
_aARTE VISUAL
650 _2Tesauro de Arte & Arquitectura
_aFOTOGRAFOS AMERICANOS
650 _2Bienal do Mercosul
_aBRASIL
700 _aPerez-Barreiro, Gabriel
_eautor
_9454
942 _2ddc
_c1
_h708
_iB959a
999 _c2681
_d2681